000 00683cam a22001931 4500
082 _a669.142
_bROL
100 1 _aRolfe, R. T.
_945007
245 1 0 _aSteels for the user,
_cby R. T. Rolfe.
250 _a2d ed.
260 _aLondon,
_bChapman & Hall ltd.,
_c1942.
300 _axi, 356 p.
_bplates, fold. tab., diagrs.
_c22 cm.
500 _a"First published, 1937."
500 _a"The basis of the present volume was a series of articles which appeared in the Iron and steel industry during the years 1934-1937."--Pref.
526 _a0
_b0
_c0
_d669_142000000000000_ROL
650 0 _aMCE
_9379
650 0 _aSteel
_xMetallurgy.
_944932
650 0 _aSteel.
_944868
942 _2ddc
_cBK
999 _c548766
_d548766